Card international journal of social sciences and conflict management (Record no. 38113)

MARC details
000 -LEADER
fixed length control field 00488nam a2200169Ia 4500
022 ## - INTERNATIONAL STANDARD SERIAL NUMBER
ISSN 25367234
050 ## - CALL MARK
Classification number HD 42 .C37/
245 #0 - TITLE STATEMENT
Title Card international journal of social sciences and conflict management
260 ## - PUBLICATION, DISTRIBUTION, ETC. (IMPRINT)
Place of publication Port harcourt, Nigeria
260 ## - PUBLICATION, DISTRIBUTION, ETC. (IMPRINT)
Name of publisher Casir/media publications
260 ## - PUBLICATION, DISTRIBUTION, ETC. (IMPRINT)
Year of publication 2018
300 ## - PHYSICAL DESCRIPTION
Number of Pages ix, 188 p. :ill. ; 28 cm.
650 ## - SUBJECT ADDED ENTRY--TOPICAL TERM
Topical Term Conflict management--Periodicals.
942 ## - ADDED ENTRY ELEMENTS (KOHA)
Koha item type Serials

No items available.